Η ζήτηση χρήματος στην Ελλάδα : οικονομετρική διερεύνηση με τρίμηνιαίες παρατηρήσεις

Αποθηκεύτηκε σε:
Λεπτομέρειες βιβλιογραφικής εγγραφής
Κύριος συγγραφέας: Προδρομίδης, Κυπριανός Π.
Άλλοι συγγραφείς: Δημητριάδου-Κοτσίκου, Χρυσούλα
Μορφή: Βιβλίο
Γλώσσα:Greek
Δημοσίευση: Αθήνα : ΚΕΠΕ, 1980
Θέματα:
Ετικέτες: Προσθήκη ετικέτας
Δεν υπάρχουν, Καταχωρήστε ετικέτα πρώτοι!

MARC

LEADER 00000nam a2200000 i 4500
001 1/53513
008 960425s1980 gre d
035 |l 10027531 
040 |a GR-MY-UA  |b gre  |e aacr 
041 0 |a gre 
082 0 |a 332.4010949 
100 1 |a Προδρομίδης, Κυπριανός Π. 
245 1 2 |a Η ζήτηση χρήματος στην Ελλάδα :  |b οικονομετρική διερεύνηση με τρίμηνιαίες παρατηρήσεις /  |c Κ. Προδρομίδη, Χ. Δημητριάδου - Κότσικου 
260 |a Αθήνα :   |b ΚΕΠΕ,   |c 1980 
300 |a 142 σ. 
650 0 0 |a Money  |z Greece. 
650 0 0 |a Demand for money  |z Greece. 
700 1 |a Δημητριάδου-Κοτσίκου, Χρυσούλα. 
852 |a INST  |b CHIOS  |e 19960425  |h 332.40109495 ΠΡΟ  |p 005200005569  |q 005200005569  |t BK  |y 0 
852 |a INST  |b CHIOS  |e 19990217  |h 332.40109495 ΠΡΟ  |p 005200014819  |q 005200014819  |t BK  |y 0 
909 |a Χ  |b 000210 
909 |a Χ  |b 055402